000
00187nam a2200085 4500
001
1256555
005
20251231085458.0
245
_a
TUTSAK GÜNEŞ
_c
AYŞE KULİN
260
_b
EVEREST YAYINLARI
999
_c
1256555
_d
1256555